Negligence : Medical And Non-medical With Legal Remedies (Record no. 702709)

MARC details
000 -LEADER
fixed length control field 00340nam a2200121Ia 4500
008 - FIXED-LENGTH DATA ELEMENTS--GENERAL INFORMATION
fixed length control field 230627s9999 xx 000 0 und d
041 ## - LANGUAGE CODE
Language code of text/sound track or separate title eng
082 ## - DEWEY DECIMAL CLASSIFICATION NUMBER
Classification number 342.540 85
Item number DAS
100 ## - MAIN ENTRY--PERSONAL NAME
Personal name Das B. K
245 ## - TITLE STATEMENT
Title Negligence : Medical And Non-medical With Legal Remedies
260 ## - PUBLICATION, DISTRIBUTION, ETC.
Place of publication, distribution, etc. Allahabad
Name of publisher, distributor, etc. Sodhi Publications
Date of publication, distribution, etc. 1997
700 ## - ADDED ENTRY--PERSONAL NAME
Personal name Sodhi S.,
Holdings
Withdrawn status Lost status Damaged status Not for loan Collection Home library Current library Shelving location Date acquired Cost, normal purchase price Total Checkouts Full call number Barcode Date last seen Price effective from Koha item type
        NLP Social Welfare New Law College, Pune New Law College, Pune NLP-Rack No-134 30/03/2000 360.00   342.540 85 DAS NLP-NS0154 17/07/2023 17/07/2023 Book